Rural estates (Record no. 118012)
[ view plain ]
| 000 -LEADER | |
|---|---|
| fixed length control field | 01033cam a2200217 4500 |
| 001 - CONTROL NUMBER | |
| control field | WB@3612-816 |
| 008 - FIXED-LENGTH DATA ELEMENTS--GENERAL INFORMATION | |
| fixed length control field | 040916n2004 000 0 eng u |
| 035 ## - SYSTEM CONTROL NUMBER | |
| System control number | (Sirsi) u127437 |
| 245 ## - TITLE STATEMENT | |
| Title | Rural estates |
| 260 ## - PUBLICATION, DISTRIBUTION, ETC. | |
| Date of publication, distribution, etc. | 2004 |
| 490 ## - SERIES STATEMENT | |
| Series statement | FPD Savills Research |
| Volume/sequential designation | (05-04) 3 September 2004 (4) |
| 520 ## - SUMMARY, ETC. | |
| Summary, etc. | The latest "Estate benchmarking survey: 2004" has been published by FPDSavills on its website. The survey collects data from over 700 000 acres of lowland Britain, including 3 000 farms, 8 000 houses and over 600 000 sq ft of office, industrial and retail workspace. In the year to April 2004 average gross income on all estates rose by 5.7% to £125 per acre. In contrast, total income from commercial and leisure fell by 5.6% in 2004, around £16 per acre. http://www.fpdsavills.co.uk/research.asp?category= Rural&dateFrom=&dateTo= |
| 590 ## - LOCAL NOTE (RLIN) | |
| Local note | WB |
| 590 ## - LOCAL NOTE (RLIN) | |
| Local note | WB |
| 650 ## - SUBJECT ADDED ENTRY--TOPICAL TERM | |
| Topical term or geographic name entry element | RURAL ESTATE |
| 650 ## - SUBJECT ADDED ENTRY--TOPICAL TERM | |
| Topical term or geographic name entry element | BENCHMARKING |
| 650 ## - SUBJECT ADDED ENTRY--TOPICAL TERM | |
| Topical term or geographic name entry element | OFFICE RENTS |
| 650 ## - SUBJECT ADDED ENTRY--TOPICAL TERM | |
| Topical term or geographic name entry element | FPDSAVILLS |
| 690 ## - LOCAL SUBJECT ADDED ENTRY--TOPICAL TERM (OCLC, RLIN) | |
| Topical term or geographic name as entry element | RURAL-MARKET |
| 942 ## - ADDED ENTRY ELEMENTS (KOHA) | |
| Suppress in OPAC | 0 |
| Withdrawn status | Lost status | Source of classification or shelving scheme | Damaged status | Not for loan | Home library | Current library | Shelving location | Date acquired | Total Checkouts | Full call number | Barcode | Date last seen | Copy number | Price effective from | Koha item type |
|---|---|---|---|---|---|---|---|---|---|---|---|---|---|---|---|
| Dewey Decimal Classification | London | London | News article | 16/09/2004 | WB4035-14 | 127437-1001 | 06/08/2019 | 1 | 06/08/2019 | News article |